00230nam a2200097Ia 4500008004100000100002000041245002500061250000900086260002900095300000800124201231s9999 xx 000 0 und d aPetersen, H. C. 0aManagerial Economics a3rd. aNew DelhibPrentice Hall a664